00516nam a2200205Ia 4500003000400000005001700004008004100021020001800062040000700080041000800087082002100095100001700116245007100133260003000204300001600234365001400250650001200264650001500276700001900291OSt20250627114553.0210423s2010 xx 000 0 und d a9780415992367 cAL aeng a070.1 223bDAND aPaul Dangelo aDoing news framing analysis:empirical and theoretical perspectives aNew YorkbRoutledgec2010 axiv,376bPB b2155cINR aGeneral aMass Media aKuypers, Jim A